| 000 | 006250000a22001810004500 | ||
|---|---|---|---|
| 003 | MACL | ||
| 005 | 20160324125037.0 | ||
| 008 | 160324b xxu||||| |||| 00| 0 eng d | ||
| 040 |
_aMACL _cMACL |
||
| 041 | _aHindi | ||
| 082 | _a294.184 | ||
| 100 |
_aदेशपांडे मोहन शंकर _948232 |
||
| 245 |
_aअहिंसक ऋषी-कृषि _bदेशपांडे कृषि तंत्र |
||
| 260 |
_bसौ. पुष्पा मोहन देशपांडे _c1999 _aमहाराष्ट्र |
||
| 350 | _a165 | ||
| 650 |
_aReligion _948233 |
||
| 942 |
_cHIN _k294 _2ddc |
||
| 999 |
_c9929 _d9929 |
||